000 01496nam a2200301 i 4500
001 bg
100 1 _aZIMNIAK, Zbigniew
245 1 0 _aSystem wspomagania projektowania, zapewnienia jakości i diagnozowania procesów tłoczenia blach /
_cZbigniew Zimniak.
246 1 1 _aComputer-aided sheet-metal forming process design, quality assurance and diagnosis systems
260 _aWrocław :
_bOficyna Wydawnicza Politechniki Wrocławski,
_c2005.
300 _a174 s. :
_bil. ;
_c24 cm.
490 1 _aPrace Naukowe Instytutu Technologii Maszyn i Automatyzacji Politechniki Wrocławskiej. Monografie =
_aScientific Papers of the Institute of Production Engineering and Automation of the Wrocław University of Technology. Monographs,
_x0867-5325 ;
_v27
500 _aTyt. równol.: Computer-aided sheet-metal forming process design, quality assurance and diagnosis systems. Numeracja serii gł.: 87. - Streszcz. ang.
504 _aBibliogr.
650 9 _aBlacha
_xobróbka plastyczna
650 9 _aTłocznictwo
650 9 _aNaprężenia i odkształcenia
650 9 _aDiagnostyka techniczna
_xmetody
650 9 _aJakość wyrobów
_xbadanie
_xmetody
650 9 _aSymulacja
_xstosowanie
650 9 _aOptymalizacja
_xstosowanie
830 0 _aPrace Naukowe Instytutu Technologii Maszyn i Automatyzacji Politechniki Wrocławskiej.
_pMonografie ;
_v27
040 _cBPK
041 0 _apol
_beng
080 _a621.98:539.3/.6:004.94
942 _cKS
008 s pl f |000 0 pol
999 _c46691
_d46691
856 _uhttp://koha.tu.koszalin.pl/cgi-bin/koha/opac-detail.pl?biblionumber=46691
_yKatalog online BPK